Fasten in der Bibel

Saved in:  
Bibliographic Details
Main Author: Henner, Jutta 1968- (Author)
Format: Print Article
Language:German
Check availability: HBZ Gateway
Interlibrary Loan:Interlibrary Loan for the Fachinformationsdienste (Specialized Information Services in Germany)
Published: 2023
In: Dein Wort, mein Weg
Year: 2023, Volume: 16, Issue: 2, Pages: 4-5
Standardized Subjects / Keyword chains:B Fasting / Bible. Matthäusevangelium 6,16-18 / Bible. Lukasevangelium 18,12 / Bible. Markusevangelium 2,18-20 / Bible. Levitikus 16,29-31 / Bible. Samuel 1. 1
IxTheo Classification:CB Christian life; spirituality
HB Old Testament
HC New Testament

MARC

LEADER 00000caa a2200000 c 4500
001 1840464143
003 DE-627
005 20230403134218.0
007 tu
008 230329s2023 xx ||||| 00| ||ger c
035 |a (DE-627)1840464143 
035 |a (DE-599)KXP1840464143 
040 |a DE-627  |b ger  |c DE-627  |e rda 
041 |a ger 
084 |a 1  |2 ssgn 
100 1 |e VerfasserIn  |0 (DE-588)122254791  |0 (DE-627)081832206  |0 (DE-576)182000168  |4 aut  |a Henner, Jutta  |d 1968- 
109 |a Henner, Jutta 1968- 
245 1 0 |a Fasten in der Bibel  |c Jutta Henner 
264 1 |c 2023 
336 |a Text  |b txt  |2 rdacontent 
337 |a ohne Hilfsmittel zu benutzen  |b n  |2 rdamedia 
338 |a Band  |b nc  |2 rdacarrier 
652 |a CB:HB:HC 
689 0 0 |d s  |0 (DE-588)4140275-3  |0 (DE-627)105629073  |0 (DE-576)209701412  |2 gnd  |a Fasten 
689 0 1 |d u  |0 (DE-588)7672971-0  |0 (DE-627)605884978  |0 (DE-576)31085721X  |a Bibel  |2 gnd  |p Matthäusevangelium  |n 6,16-18 
689 0 2 |d u  |0 (DE-588)1133549764  |0 (DE-627)889464561  |0 (DE-576)489477410  |a Bibel  |2 gnd  |p Lukasevangelium  |n 18,12 
689 0 3 |d u  |0 (DE-588)7650369-0  |0 (DE-627)485124432  |0 (DE-576)304091324  |a Bibel  |2 gnd  |p Markusevangelium  |n 2,18-20 
689 0 4 |d u  |0 (DE-588)1133285287  |0 (DE-627)889048541  |0 (DE-576)489217230  |a Bibel  |2 gnd  |p Levitikus  |n 16,29-31 
689 0 5 |d u  |0 (DE-588)1069746444  |0 (DE-627)822351447  |0 (DE-576)429432615  |a Bibel  |2 gnd  |p Samuel  |n 1.  |n 1 
689 0 |5 (DE-627) 
773 0 8 |i Enthalten in  |t Dein Wort, mein Weg  |d Dornbirn : Werk der Frohbotschaft Batschuns, 2008  |g 16(2023), 2, Seite 4-5  |w (DE-627)558045154  |w (DE-600)2407521-8  |w (DE-576)477326773  |7 nnas 
773 1 8 |g volume:16  |g year:2023  |g number:2  |g pages:4-5 
935 |a BIIN 
951 |a AR 
BIB |a 1 
BIR |a 01006016_01006018,02002018_02002020,03018012_03018012,30016029_30016031,36001000_36001999  |b biblesearch 
ELC |b 1 
LOK |0 000 xxxxxcx a22 zn 4500 
LOK |0 001 4299651731 
LOK |0 003 DE-627 
LOK |0 004 1840464143 
LOK |0 005 20230403134218 
LOK |0 008 230329||||||||||||||||ger||||||| 
LOK |0 040   |a DE-Tue135-1  |c DE-627  |d DE-Tue135-1 
LOK |0 852   |a DE-Tue135-1 
LOK |0 852 1  |m p  |9 00 
LOK |0 852 2  |b FTH Z1-107  |9 00 
LOK |0 8564   |u https://bibsearch.uibk.ac.at/AC06460517 
LOK |0 935   |a inzs 
LOK |0 936ln  |0 1442043768  |a CB 
LOK |0 936ln  |0 1442044136  |a HC 
LOK |0 936ln  |0 1442044128  |a HB 
LOK |0 938   |k p 
LOK |0 939   |a 29-03-23  |b l01 
ORI |a SA-MARC-ixtheoa001.raw 
STA 0 0 |a Fasting,Fasting 
STB 0 0 |a Jeûne 
STC 0 0 |a Ayuno 
STD 0 0 |a Digiuno 
STE 0 0 |a 禁食 
STF 0 0 |a 禁食 
STG 0 0 |a Jejum 
STH 0 0 |a Пост,Голодание 
STI 0 0 |a Νηστεία 
SUB |a BIB